000 00723nam a2200229Ii 4500
003 JO-AjNU
008 230605s9999||||xx |||||||||||||| ||und||
017 _a2009/13774
020 _a978-977-276-588-3
040 _aJO-AjNU
_bara
_erda
_cJO-AjNU
041 _aara
050 1 4 _aHF5415.2009
100 3 _aحافظ، محمد عبده,
_eauthor
_944027
245 0 0 _aتسويق الخدمات
250 _aط1
264 3 1 _aالقاهرة:المكتب العربي للمعارف؛2009
300 _a173ص
_bيحتوي على ببلوغرافية من ص171-173ص
336 _atext
_btxt
_2rdacontent
337 _aunmediated
_bn
_2rdamedia
338 _avolume
_bnc
_2rdacarrier
650 4 _aالتسويق
_944028
999 _aA18974
_c22542
_d22542